Diccionario de geología y ciencias afines

Gorde:
Xehetasun bibliografikoak
Egile Nagusiak: Novo y Fernández Chicarro, Pedro de (autor), Chicarro, F (Egilea)
Formatua: Liburua
Hizkuntza:gaztelania
Argitaratua: Barcelona Labor 1957
Gaiak:
Etiketak: Etiketa erantsi
Etiketarik gabe, Izan zaitez lehena erregistro honi etiketa jartzen!

MARC

LEADER 00000nam a2200000 a 4500
001 UCU7549
003 CL-VaPUC
008 960705e19570000SP |||||||||||||||||spa|d
082 0 4 |a 551.03  |b NOV  |2 21 
100 |a Novo y Fernández Chicarro, Pedro de  |e autor  |9 366444 
700 0 |a Chicarro, F  |e author  |9 366445 
245 1 0 |a Diccionario de geología y ciencias afines 
300 |a 2 v 
942 |c BK 
945 |d 19960705 00:00:00  |a cmena 
260 |a Barcelona  |b Labor  |c 1957 
500 |a v.1: Geografía física - cristalografía - mineralogía - petrografía 
500 |a v.2: Paleontología - estratigrafía, orogenia y tectónica 
650 0 |a Diccionarios  |9 256200 
650 0 |a Glosarios  |9 261047 
650 0 |a Geología   |9 260984 
650 7 |a GEOLOGIA APLICADA  |2 CL-VaPUC  |9 262496 
583 |a last modification  |c 19960705 00:00:00  |k Rodrigo Vera 
999 |c 250157  |d 250155 
952 |0 0  |1 0  |4 0  |6 551_030000000000000_NOV_1957  |7 0  |8 X  |9 267995  |a BIBING  |b BIBING  |d 2019-11-19  |h v.1  |i 1704583  |o 551.03 NOV 1957  |p 1704583  |r 2025-01-20  |w 2019-11-19  |y BK_X  |k GEO 
952 |0 0  |1 0  |4 0  |6 551_030000000000000_NOV_1957  |7 0  |8 X  |9 267996  |a BIBING  |b BIBING  |d 2019-11-19  |h v.2  |i 1704591  |o 551.03 NOV 1957  |p 1704591  |r 2025-01-20  |w 2019-11-19  |y BK_X  |k GEO